000 00597 a2200253 4500
260 _aParis
630 _a657 - Comptabilité
037 _b1, Achat
650 _a6 - SCIENCES APPLIQUEES
100 _aRossignol, A.
700 _aProst, A.
700 _aPerochon, C.
260 _bLes Editions Foucher
245 _aSystèmes et machines comptables : plan O.C.A.M.
300 _a198 p.
650 _aPlan comptable O.C.A.M
260 _c1972
300 _b22cm
100 _lFr
440 _aMéthodes et Techniques Comptables
037 _a22892
999 _c42121
_d42121